Responses for Show #7965 - Friday, April 5, 2019

James Holzhauer game 2.

Contestants

[<< previous game]

Marshall Shelburne, a computer programmer from Los Angeles, California

Satish Chandrasekhar, a medical student from Jupiter, Florida

James Holzhauer, a professional sports gambler from Las Vegas, Nevada (whose 1-day cash winnings total $43,680)

[next game >>]

Jeopardy! Round responses

BODIES OF WATER
LEGAL TERMS
MAKE TIME FOR TIME
JAMES BOND & FRIENDS
"Q"
MONET-PUNNY
    $200 25
Italy

Satish
    $200 27
arson

Satish
    $200 30
instant

James
    $200 28
secretary

James
    $200 23
a quintet

James
    $200 29
blue

Marshall
    $400 22
Maryland

Marshall
    $400 26
larceny

James
    $400 24
February 29th

Marshall
    $400 11
Jaws

James
    $400 14
a quiver

James
    $400 20
Paris

James
    $600 16
Africa

James
    $600 18
manslaughter

Marshall
    $600 21
curfew

Satish
    $600 5
MI6

James
    $600 8
a quail

James
    $600 19
(Marshall: What is Calais?)
(James: What is Brittany?)

Normandy

JamesMarshall
Triple Stumper
    $800 12
Yellowstone

James
    $800 17
extortion

Marshall
    $800 13
maƱana

Marshall
    $800 4
Skyfall

Satish
    $800 7
a quarrel

Marshall
    $800 15
varnish

Triple Stumper
    $1000 9
British Columbia

Satish
    $2,000 10
collusion

Satish
    $1000 6
vespers

Marshall
    $1000 3
Felix Leiter

Satish
    $1000 2
quinine

Satish
    $1000 1
Rouen

James

Scores at the first commercial break (after clue 15):

James Satish Marshall
$3,800 $5,800 $2,600

Scores at the end of the Jeopardy! Round:

James Satish Marshall
$5,200 $6,800 $4,400

Double Jeopardy! Round responses

COLLEGES & UNIVERSITIES
BOOK TITLE NAMES
SOME KIND OF WONDERFUL
WHICH TALL CHIEF?
18th CENTURY SCIENCE
ACM AWARDS
(Alex: They air this Sunday, live from Las Vegas: The Academy of Country Music Awards.)
    $400 24
William & Mary

Satish
    $400 30
Earl

James
    $400 29
peachy

Marshall
    $400 26
Lincoln

Marshall
    $400 25
(Alex: With less than a minute now.)

evolution

Satish
    $400 28
Reba McEntire

Satish
    $800 23
Vermont

James
    $800 22
Stuart Little

Satish
    $800 21
brilliant

Marshall
    $800 19
Peter the Great

James
    $800 8
Halley

Marshall
    $800 27
Aerosmith

Marshall
    $1200 15
Yale

James
    $1200 10
Lord Jim

Marshall
    $1200 20
marvelous

Satish
    $1200 18
Kamehameha

Satish
    $4,000 7
carbon dioxide

Satish
    $1200 1
Loretta Lynn

Marshall
    $11,914 14
Sarah Lawrence

James
    $1600 9
Quimby

James
    $1600 12
magnificent

James
    $1600 17
Montenegro

James
    $1600 6
the heart

Satish
    $1600 2
Miranda Lambert

Triple Stumper
    $2000 13
Loyola Marymount

James
    $2000 4
(Marshall: Who is Elektra?)

Antigone

SatishMarshall
    $2000 11
(Marshall: What is terrific?)
(Satish: What is seismic?)
...
(Alex: For shaking, a tremor. [*].)

tremendous

SatishMarshall
Triple Stumper
    $2000 16
(Marshall: Who is Chirac?)

Charles de Gaulle

Marshall
Triple Stumper
    $2000 5
Oberon and Titania

Satish
    $2000 3
Tim McGraw

James

Scores at the end of the Double Jeopardy! Round:

James Satish Marshall
$29,114 $18,800 $4,000

[wagering suggestions for these scores]

Final Jeopardy! Round responses

EUROPEAN CAPITALS
(Alex: [To James] You take the "L-I" out of there, and you have Bern, Switzerland.)
MarshallWhat Lisbon
$1,555
SatishWhat are ?
$6,200
JamesWhat is Berlin happy anniversary M! ♥
$9,812
Berlin

Final scores:

James Satish Marshall
$38,926 $12,600 $2,445
2-day champion: $82,606 2nd place: $2,000 3rd place: $1,000

Game dynamics:

Coryat scores:

James Satish Marshall
$18,800 $15,000 $4,000
22 R
(including 1 DD),
1 W
18 R
(including 2 DDs),
1 W
15 R,
4 W

Combined Coryat: $37,800

[game clues] [game scores] [suggest correction]

Game tape date: 2019-02-05
The J! Archive is created by fans, for fans. Scraping, republication, monetization, and malicious use prohibited; this site may use cookies and collect identifying information. See terms. The Jeopardy! game show and all elements thereof, including but not limited to copyright and trademark thereto, are the property of Jeopardy Productions, Inc. and are protected under law. This website is not affiliated with, sponsored by, or operated by Jeopardy Productions, Inc. Join the discussion at JBoard.tv.